| 000 | 00731nam a2200181 a 4500 | ||
|---|---|---|---|
| 008 | 200806s2013 ||||||||||||||||| || u | ||
| 020 | _a9781107613195 | ||
| 050 | _aQE 539.2 .S34 Hel | ||
| 100 | _aWookey, James | ||
| 245 | 1 | 4 |
_aThe seismic analysis code : a primer and user's guide _cBy George Helffrich; James Wookey; Ian Bastow |
| 260 |
_aCambridge _bCambridge University Press _c2013 |
||
| 300 | _axi, 173 pages : illustrations | ||
| 650 | _aSEISMOMETRY | ||
| 650 | _aEARTHQUAKE HAZARD ANALYSIS | ||
| 700 | _aBastow, Ian | ||
| 700 | _aHelffrich, George | ||
| 995 |
_D29.55 _FCBU-MAIN LIBRARY (Kitwe) _M1 _UAVAILABLE _WAug 7, 2020 _ZMain Library Open Access Collection |
||
| 999 |
_c57243 _d57243 |
||